000 00685cam a2200229 04500
001 44903
021 _b92802/95
090 _a44903
100 _a19960624d1995 m y0pory5003 ba
101 1 _apor
102 _aPT
200 1 _aManual completo para treino de cães
_fBruce Fogle
_gsequências de treino Patricia Holden White
_gtrad. Tito Martins
210 9 _a[Lisboa]
_cLivros e Livros,
_dD.L. 1995
215 _a128 p.
_cmuito il.
_d27 cm
304 _aTít. orig.: Dog training manual
675 _a636.7
675 _a599.742.1(075)
_vBN
_zpor
700 1 _aFogle,
_bBruce
702 1 _aWhite,
_bPatricia Holden
_4070
702 1 _91
_aMartins,
_bTito
_4730
801 0 _aPT
_bBN
_gRPC
990 _cLIVROS